Countries With Most Endangered Species Quiz Stats

Quiz not verified by Sporcle

Also try: 'F' in Geography
Challenge
Share
Tweet
Embed
Score 0/41 Timer 06:00
0 Plays Today
Rank Country % Correct
2.United States of America
98.2%
6.China
96.8%
8.Brazil
95.8%
7.Australia
91.5%
5.Mexico
90.2%
9.India
89.1%
38.Argentina
87.4%
20.South Africa
85.7%
23.Japan
82.9%
4.Indonesia
80.2%
14.Peru
80.1%
10.Colombia
77.8%
29.Venezuela
73.1%
22.Kenya
73%
=40.Democratic Republic of the Congo
70.5%
19.Vietnam
70.3%
18.Thailand
69.1%
1.Ecuador
68.7%
3.Malaysia
64.7%
12.Madagascar
64%
21.Panama
63.1%
Rank Country % Correct
30.Nigeria
59.7%
31.Costa Rica
59.7%
39.Cambodia
59.7%
13.Tanzania
57.5%
24.Cuba
57.3%
11.Philippines
56.1%
32.Honduras
55.7%
33.Guatemala
54.7%
17.Papua New Guinea
53.7%
34.Myanmar
52.7%
36.Spain
47.4%
15.Sri Lanka
45.1%
26.Jamaica
40.9%
16.Cameroon
38%
=40.Fiji
36.6%
25.Taiwan
36.4%
27.Singapore
31.9%
37.Solomon Islands
21.1%
35.Mauritius
18.6%
28.Yemen
15.9%

You're not logged in!

Compare scores with friends on all Sporcle quizzes.
Join for Free
OR
Log In

You Might Also Like...

Show Comments

Extras

Top Quizzes Today


Score Distribution

Your Account Isn't Verified!

In order to create a playlist on Sporcle, you need to verify the email address you used during registration. Go to your Sporcle Settings to finish the process.

Report this User

Report this user for behavior that violates our Community Guidelines.

Details: